MDQL
is popping MORE tags! Check the
thread
!
Quizzes
Events
Quiz Creation
Community
Videos
Private Events
Remove Ads
Sign In
Join for FREE
Feedback
Dark Mode
Quiz Categories
Sports
Geography
Music
Movies
Television
Just For Fun
Miscellaneous
History
Literature
Language
Science
Gaming
Entertainment
Religion
Holiday
For Kids
Quiz Lab
Recent
Popular Today
Quiz Kudos Today
Editor Picks
Curator Picks
Quizzes by...
Day
Popularity
Type
Ratings
Length
Year
Community
Subscriptions
Recent Discussions
Orange Saloon
Badges
Playlists
Quests
Create
Leaderboards
Showdown
Live 5
Trivia Bingo
Activity
Puzzle Library
Sporcle Events
Private Events
Virtual Trivia
Globe League
Become a Host
Pub Owners
SporcleCon
Opinionation
Our Games
Videos
Blog
Mobile Apps
Partnerships
Remove Ads and Go Orange
Feedback
Movies
Disney
Marvel Cinematic Universe
Movie Resume
Movie Titles
Oscar
Actor
Actress
Director
Pixar
Role
Movie Quotes
Movie Characters
Box Office
Nominee
Best Picture
Star Wars
James Bond
Horror Movies
Movies
Disney
Marvel Cinematic Universe
Movie Resume
Movie Titles
Oscar
Actor
Actress
Director
Pixar
Role
Movie Quotes
Movie Characters
Box Office
Nominee
Best Picture
Star Wars
James Bond
Horror Movies
Random Quiz
Search Sporcle
×
Quiz Lab
Quiz Lab
Movies
Movie Quotes
Type in answers that appear in a list
Type in answers that appear in a list
Classic
Best Score? Go Orange.
Lesser Known Movie Quotes Stats
Can you name the Lesser Known Movie Quote?
By
sutboy83
8m
20 Questions
412 Plays
412 Plays
412 Plays
Comments
Comments
Give Quiz Kudos
Give Quiz Kudos
-
- Ratings
hide this ad
Replay
Link that replays current quiz
Next Quiz
Link to next quiz in quiz playlist
You Got
0%
They Got
Avg Score
25%
Avg Friend Score
Upgrade to see
Score Distribution
Jump to the score distribution portion of the page
Score
0/20
Timer
08:00
0
Plays Today
Quote
Movie
% Correct
Well, just a second there, professor. We, uh, we fixed the glitch. He won't be receiving a paycheck anymore, so it'll just work itself out naturally.
Office Space
56.8%
Apparently, my son was on something called 'Acid,' and was shooting a bow and arrow into a crowd.
Anchorman: The Legend of Ron Burgundy
44.7%
I can tell you with no ego that this is my finest blade. If you should encounter God on your journey, God will be cut.
Kill Bill Vol. I
38.1%
What a fitting end to your life's pursuits. You're about to become a permanent addition to this archaeological find. Who knows? In a thousand years, even you may be worth something
Raiders of the Lost Ark
35.9%
Hanson, could you round up, Johnny Chimpo...Jerry Giraffe and Arty the Alligator and bring them in for a lineup.
Supertroopers
32%
I am very cute, very alone and very protective of my body. I don't want it violated or killed, all right? I need help! Speaka de English?
Ferris Bueller's Day Off
31.3%
I do not envy you the headache you will have when you awake. But for now, rest well and dream of large women.
The Princess Bride
29.9%
Ah ah. You lay another finger on me, I burn the house down and piss on the ashes.
Happy Gilmore
27.4%
So how are you enjoying yourself in our nation's capital, son?
Forrest Gump
25.7%
Really? I live in Queens, did you put that together yourself, Einstein? Got a team of monkeys working around the clock on this?
The Usual Suspects
23.1%
Quote
Movie
% Correct
Yeah, she said that if Markinson doesn't want to be found, then we're not gonna find him. She said I could be Markinson and you wouldn't know it.
A Few Good Men
22.6%
Recent research has shown that empirical evidence for globalization of corporate innovation is very limited and as a corollary the market for technologies is shrinking.
Old School
21.6%
We're willing to wipe the slate clean, give you a fresh start. All that we're asking in return is your cooperation in bringing a known terrorist to justice.
The Matrix
18.4%
Anyone who wants to be a can't-
hack-
it pantywaist who wears their mama's bra, raise your hand.
The Sandlot
16.7%
The Almighty says, 'Don't change the subject, just answer the f*ckin' question.
Braveheart
16.5%
You think I'm hostile now, wait 'til you see me tonight.
My Cousin Vinny
16%
When I looked into his eyes I thought I saw recognition. Now I know. You fake it. If you think you're supposed to recognize somebody you, you just pretend.
Memento
14.6%
Out! Back to the sixties! Back! There's no place for you here in the future! Get back while you still can!
Field of Dreams
14.1%
Don't you ever mention money to me again, you sorry son of a bitch! Not in this room, not anywhere.
The Shawshank Redemption
13.3%
Tickle is all that remains. Was there a hurricane or something?
Garden State
6.8%
Quiz Playlist
Details
Report
Send in Message
Add To Playlist
Classic:
Type in answers that appear in a list
Last Updated: Feb 16, 2017
Quiz Scoreboard
CHALLENGE
Sign Up to Join the Scoreboard
Show All
Scores
Hide
Comments
May contain spoilers
Recently Published
5x2 Blitz: Bands
by SL_Kpop136
Music
30s
Colored Red Africa Blitz
by spor1
Geography
30s
Find the 'City' Movie
by crazypaving
Movies
60s
More to Explore
Quiz From the Vault
Featured Blog Post
14 Easter Pick-up Lines to Find Eggs With
hide this ad
You Might Also Like...
Tags
Movie Quotes Quiz
Quote Quiz
Known
Lesser
Lesser-known
Speaker
Today's Top Quizzes in Movies
Browse Movies
hide this ad
Today's Top Quizzes in Movie Quotes
Browse Movie Quotes
Top Contributed Quizzes in Movies
1
Find The 'Big' Movie
2
Find The 'Wild' Movie
3
Find The 'Blue' Movie
4
Movies By Plot
5
Hidden Star Wars Character II
6
Pick 5 Posters: Directed by Spielberg
7
Hidden Star Wars Character III
8
The ultimate James Bond movie quiz
9
Hidden Star Wars Character IV
10
25 Best Actor Nominees (1990s)
Explore More
Trending Topics
NBA
Harry Potter
Crossword
Anime
Marvel
Disney
Kpop
WWE
NFL
The Office
Country
Song
Puzzle
Soccer
Pokémon
hide this ad
More By:
sutboy83
Quiz
Plays
Rating
Category
Featured
Created
Lesser Known Movie Quotes 2
827
4.11
Movies
Jan 6, 2010
Seinfeld Food Establishments
448
3.89
Television
Jun 18, 2010
Lesser Known Movie Quotes
412
4.50
Movies
Jan 1, 2010
Go to Creator's Profile
Score Distribution
Quiz Creator Spotlight
sutboy83
Follow
Send a Message
Quizzes Created
-
Created Quiz Play Count
-
More By This Creator
Popular Quizzes Today
1
Colored Red Africa Blitz
2
Find the US States - No Outlines Minefield
3
Find the 'City' Movie
4
5x2 Blitz: Bands
5
The Countries of the World
6
Find the US States
7
US States
8
Find the Countries of Europe - No Outlines Minefield
More Movies Quizzes
David Cronenberg Movies
Published
Trending Quizzes
Colored Red Europe Blitz I
Colored Red Europe Blitz II
Colored Red Africa Blitz II
Colored Red Europe Blitz III
Colored Red Africa Blitz III
Recently Updated
How Do You Spell That?
pecheneg
Godzilla Movies
pecheneg
Grab Bag: 4-10 Letters
pecheneg
2024 March Madness Bracket
pecheneg
Famous TV Couples
Peacemaker
Champions League XIs: Real Madrid
pecheneg
Largest US Cities 1790-2010
pecheneg
Rides in Walt Disney World
pecheneg
Most Oscar Losses (Acting)
pecheneg
Beyoncé Albums
pecheneg
Trending Topics
Crossword
Harry Potter
NBA
Marvel
Kpop
Anime
Disney
Pokémon
NFL
Soccer
The Office
WWE
Country
Song
Puzzle
Your Account Isn't Verified!
In order to create a playlist on Sporcle, you need to verify the email address you used during registration. Go to your
Sporcle Settings
to finish the process.
Report this User
Report this user for behavior that violates our
Community Guidelines
.
Details:
Send Report
Go to the Sporcle.com Mobile Site →
Comments